National family health survey: MCH and family planning (Record no. 23125)

MARC details
000 -LEADER
fixed length control field 00334nam a2200109Ia 4500
082 ## - DEWEY DECIMAL CLASSIFICATION NUMBER
Classification number RR 304.666095482 NAT
100 ## - MAIN ENTRY--AUTHOR NAME
Personal name Tamil Nadu. The Gandhigram Ins
245 #0 - TITLE STATEMENT
Title National family health survey: MCH and family planning
260 ## - PUBLICATION, DISTRIBUTION, ETC. (IMPRINT)
Place of publication Tamil Nadu
Name of publisher Gandhigram Institute of Rural Health and
Year of publication 1994
300 ## - PHYSICAL DESCRIPTION
Number of Pages xxviii, 290p.
942 ## - ADDED ENTRY ELEMENTS (KOHA)
Koha item type Books
Holdings
Withdrawn status Lost status Damaged status Not for loan Home library Current library Date acquired Bill Date Full call number Accession Number Price effective from Koha item type
        NASSDOC Library NASSDOC Library 08/06/2004 2008-12-30 RR 304.666095482 NAT 34060 24/04/2019 Books